000 01357nam a2200301Ia 4500
999 _c53442
_d53442
001 20486
003 GE_BSU
005 20201227234556.0
008 181216s1976||||ge |||||||||||||| ||geo||
040 _cGE_BSU
041 _ageo
080 _a811.353.1-8(075.3) შ-21
100 _aშანიძე, ა.
_99955
245 _aქართული ენა : გრამატიკა, ფონეტიკა, გრაფიკა, ლექსიკა, პუნქტუაცია :
_bIV კლ. სახელმძღვ. /
_cა. შანიძე, ი. იმნაიშვილი, ლ. კვაჭაძე ; რედ. ნ. სუხიტაშვილი.
250 _aმე-3 გამოცემა
264 _aთბილისი :
_bგანათლება,
_c1976.
300 _a116 გვ. ;
_c22 სმ.
541 _h14 თ.
653 _aქართული ენა
653 _aგრამატიკა
653 _aფონეტიკა
653 _aლექსიკა
653 _aპუნქტუაცია
700 _aიმნაიშვილი, ი.
_eავტორი
_99956
700 _aკვაჭაძე, ლ.
_eავტორი
_99957
700 _aსუხიტაშვილი, ნ.
_eრედაქტორი
_99958
942 _cBK
_2udc